000 00211nam a22000857a 4500
008 161215b xxu||||| |||| 00| 0 eng d
100 _92058
_aVerlag.M.H
245 _aLernziel Deutch
260 _bNax hneber verlag
_c1983
999 _c4930
_d4930